[Event "AUTO-OPEN-2329"]
[Site "http://www.queenalice.com/game.php?id=924644"]
[Date "2011.4.11"]
[Round "1"]
[White "Peixoto_03"]
[Black "bienopia"]
[Result "1/2-1/2"]
[WhiteElo "1281"]
[BlackElo "1962"]

1. Nf3 d5 2. d4 h6 3. e3 a6 4. c4 c6 5. Nc3 Bg4 6. b3 e6 7. c5 Nf6 8. Bd3 Ne4 9.
Nxe4 dxe4 10. Bxe4 Nd7 11. h3 Bxf3 12. Bxf3 Be7 13. O-O Qc7 14. Bb2 O-O-O 15.
Qd2 Nxc5 16. Qc2 Nd7 17. Rac1 Nb6 18. a4 Nd5 19. Rfd1 Kb8 20. e4 Nb4 21. Qb1 Qf4
22. Ba3 a5 23. Rc3 Bd6 24. e5 Be7 25. Qe4 Qxe4 26. Bxe4 Rd7 27. f4 Nd5 28. Bxe7
Rxe7 29. Bxd5 exd5 30. Kf2 f6 31. Rb1 Ka7 32. b4 fxe5 33. fxe5 axb4 34. Rxb4 Re6
35. Rcb3 Rf8+ 36. Ke3 Rf7 37. Rb2 g5 38. Rf2 Rfe7 39. g4 c5 40. Rbb2 c4 41. Kd2
Ka6 42. Kc3 b6 43. Kb4 Rc7 44. Rf6 Rcc6 45. Rxe6 Rxe6 46. Rf2 Kb7 47. Kb5 c3 48.
Rc2 Rc6 49. Kb4 Rc4+ 50. Kb3 Rxd4 51. Rxc3 Re4 52. Rd3 Rxe5 53. Kb4 Ka6 54. Kb3
Ka5 55. Kc3 Kxa4 56. Kd4 Re8 57. Rf3 Re6 58. Kxd5 Rg6 59. Rf8 b5 60. Ra8+ Kb4
61. Rb8 Ra6 62. Rc8 Kb3 63. Rc1 Kb2 64. Rf1 b4 65. Kc4 b3 66. Kb4 Rc6 67. Rf2+
Rc2 68. Rf3 Ka2 69. Rxb3 Rh2 70. Rf3 Kb2 71. Kc5 Kc2 72. Kd5 Kd2 73. Ke4 Ke2 74.
Rc3 Kd2 75. Ra3 Rf2 76. Ra6 Rf4+ 77. Ke5 h5 78. gxh5 Rh4 79. Kf5 Rxh5 80. Kg4
Rh4+ 81. Kxg5 Rxh3 82. Ra2+ Kc1 83. Kg4 Rh8 84. Kf3 Re8 85. Rh2 1/2-1/2

[Event "AUTO-OPEN-2329"]
[Site "http://www.queenalice.com/game.php?id=924645"]
[Date "2011.4.11"]
[Round "1"]
[White "bienopia"]
[Black "Peixoto_03"]
[Result "1-0"]
[WhiteElo "1880"]
[BlackElo "1074"]

1. d4 Nf6 2. f4 d5 3. Nf3 Bf5 4. e3 e6 5. a3 Bd6 6. Bd3 O-O 7. Nc3 Nbd7 8. Bxf5
exf5 9. Bd2 Ne4 10. Nxd5 c6 11. Nc3 Ndf6 12. Qe2 Re8 13. O-O-O Qe7 14. Ne5 Nd5
15. g4 Bxa3 16. Nxe4 fxe4 17. c4 Nb6 18. c5 Bxb2+ 19. Kxb2 Nd5 20. Qg2 b5 21.
Nxc6 Qc7 22. Ne5 a5 23. g5 a4 24. Qxe4 a3+ 25. Ka1 Rad8 26. Rb1 f6 27. gxf6 Nxf6
28. Qf5 Qc8 29. Qd3 Qa6 30. Rxb5 Nd7 31. Qc4+ Kh8 32. Nf7+ Kg8 33. Nxd8+ Kh8 34.
Nf7+ Kg8 35. Nd6+ 1-0

[Event "AUTO-OPEN-2329"]
[Site "http://www.queenalice.com/game.php?id=924646"]
[Date "2011.4.11"]
[Round "1"]
[White "Peixoto_03"]
[Black "koshnarek"]
[Result "0-1"]
[WhiteElo "980"]
[BlackElo "1732"]

1. e4 e5 2. Nf3 d6 3. Nc3 Nc6 4. d4 Nxd4 5. Nxd4 exd4 6. Qxd4 c5 7. Qd1 Nf6 8.
Bg5 Be7 9. f4 O-O 10. Qf3 Bg4 11. Qg3 h5 12. h3 Bd7 13. Bh6 Ng4 14. hxg4 h4 15.
Qh3 gxh6 16. f5 Bg5 17. Nd5 Re8 18. Bc4 Rxe4+ 19. Be2 Bb5 20. Qf3 Rxe2+ 21. Kd1
Rd2+ 22. Ke1 Qe8+ 0-1

[Event "AUTO-OPEN-2329"]
[Site "http://www.queenalice.com/game.php?id=924647"]
[Date "2011.4.11"]
[Round "1"]
[White "koshnarek"]
[Black "Peixoto_03"]
[Result "0-1"]
[WhiteElo "1777"]
[BlackElo "1248"]

1. e4 e5 2. Bc4 Bc5 3. Qf3 Nf6 4. d3 d6 5. c3 Bg4 6. Qg3 O-O 7. b4 Bb6 8. h3 Bh5
9. Be3 Nbd7 10. Nf3 Bxf3 11. Qxf3 c6 12. Bxb6 axb6 13. a4 d5 14. exd5 cxd5 15.
Bxd5 Nxd5 16. Qxd5 Nf6 17. Qxd8 Raxd8 18. Kd2 e4 19. d4 Rfe8 20. b5 Nd5 21. Re1
f5 22. c4 Nf4 23. d5 Nxg2 24. Rg1 e3+ 25. fxe3 Nxe3 26. Kd3 f4 27. Nd2 Nf5 28.
Rae1 Kf7 29. Rxe8 Rxe8 30. Rf1 Re3+ 31. Kc2 Nd4+ 32. Kb2 g5 33. Rh1 h6 34. Rf1
Kf6 35. Rh1 Kf5 36. Rh2 f3 37. Nf1 Re2+ 38. Rxe2 fxe2 39. Ng3+ Kg6 40. Nxe2 Nxe2
41. d6 Nf4 42. Kc3 h5 43. Kd4 Kf6 44. c5 Ne6+ 45. Kd5 Nxc5 46. a5 Nd7 47. axb6
Kf5 48. Kd4 g4 49. hxg4+ hxg4 50. Ke3 Ke5 51. Kd3 Kf4 52. Kd4 g3 53. Kd5 g2 54.
Ke6 Nxb6 55. d7 Nxd7 56. Kxd7 g1=Q 57. b6 Qxb6 58. Kc8 Ke5 59. Kb8 Kd6 60. Ka8
Qa6+ 61. Kb8 Ke7 62. Kc7 b5 63. Kb8 Ke6 64. Kc7 Qd6+ 65. Kb7 Qc5 66. Ka6 b4 67.
Kb7 Kd7 68. Ka6 b3 69. Kb7 Qc6+ 70. Kb8 b2 71. Ka7 Qb5 72. Ka8 Kc7 73. Ka7 Qb7#
0-1

[Event "AUTO-OPEN-2329"]
[Site "http://www.queenalice.com/game.php?id=924648"]
[Date "2011.4.11"]
[Round "1"]
[White "Peixoto_03"]
[Black "Pedro666"]
[Result "0-1"]
[WhiteElo "1100"]
[BlackElo "2329"]

1. d4 Nf6 2. c4 g6 3. Nf3 Bg7 4. Nc3 O-O 5. e3 d6 6. Bd3 Bg4 7. h3 Bxf3 8. gxf3
c5 9. d5 Na6 10. a3 Nc7 11. Qc2 a6 12. Ke2 b5 13. e4 bxc4 14. Bxc4 Nh5 15. Be3
Rb8 16. Qd2 Nb5 17. Bxb5 axb5 18. b4 cxb4 19. axb4 Qc8 20. Rhc1 Qxh3 21. Rh1 Qc8
22. Rac1 Qc4+ 23. Qd3 Qxb4 24. Na2 Qa5 25. Ra1 Bxa1 26. Rxa1 b4 27. Bd2 Rfc8 28.
Qb3 Qa6+ 29. Ke1 Qc4 30. Qxc4 Rxc4 31. Ke2 b3 32. Nc3 Nf4+ 33. Bxf4 Rxc3 34. Bd2
Rc2 35. Kd3 h5 36. Rb1 Ra2 37. Kc3 f6 38. f4 h4 0-1

[Event "Challenge"]
[Site "http://www.queenalice.com/game.php?id=934632"]
[Date "2011.5.6"]
[Round "-"]
[White "Peixoto_03"]
[Black "Paulo1210"]
[Result "1-0"]
[WhiteElo "980"]
[BlackElo "1053"]

1. e4 d5 2. exd5 Qxd5 3. Nc3 Qe5+ 4. Qe2 f6 5. Qxe5 fxe5 6. Nf3 Nc6 7. Bb5 a6 8.
Bxc6+ bxc6 9. Nxe5 Bb7 10. d4 c5 11. dxc5 Bxg2 12. Rg1 Bh3 13. Be3 Nf6 14. O-O-O
Ng4 15. Nxg4 h5 16. Ne5 h4 17. Nd5 Be6 18. Nxc7# 1-0

[Event "Challenge"]
[Site "http://www.queenalice.com/game.php?id=934825"]
[Date "2011.5.6"]
[Round "-"]
[White "soudeDeus"]
[Black "Peixoto_03"]
[Result "0-1"]
[WhiteElo "1422"]
[BlackElo "1074"]

1. g3 d5 2. b3 Nf6 3. Bb2 Nc6 4. d3 e5 5. Bg2 Be6 6. e4 d4 7. Na3 Bxa3 8. Bxa3
Qd7 9. Rb1 O-O-O 10. Ne2 Ne8 11. f4 f6 12. fxe5 fxe5 13. Rg1 Rf8 14. Bxf8 Nf6
15. Ba3 Ng4 16. h3 Ne3 17. Qd2 Bxh3 18. Bxh3 Qxh3 19. Nc1 Rd7 20. Ne2 Rf7 21. c3
Rf1+ 22. Rxf1 Qxf1# 0-1

[Event "Challenge"]
[Site "http://www.queenalice.com/game.php?id=935581"]
[Date "2011.5.8"]
[Round "-"]
[White "soudeDeus"]
[Black "Peixoto_03"]
[Result "0-1"]
[WhiteElo "1335"]
[BlackElo "1143"]

1. g3 d5 2. Bg2 c5 3. b3 Nf6 4. d3 Nc6 5. Bb2 g6 6. e4 Bg7 7. exd5 Nb8 8. Nd2
O-O 9. Ne2 Nxd5 10. Bxg7 Kxg7 11. c4 Nf6 12. Rc1 Nc6 13. Rg1 Qxd3 14. Rc3 Qd8
15. Ne4 Qxd1+ 16. Kxd1 Bf5 17. Nxf6 exf6 18. h3 Rad8+ 19. Kc1 Rfe8 20. Nf4 Nd4
21. Rd1 g5 22. Re3 gxf4 23. gxf4 Rxe3 24. fxe3 Ne2+ 25. Kb2 Rxd1 26. Bf3 Rd2+
27. Ka3 Nc3 28. Bxb7 Rxa2# 0-1

[Event "AUTO-OPEN-2388"]
[Site "http://www.queenalice.com/game.php?id=949129"]
[Date "2011.6.13"]
[Round "1"]
[White "amarkin"]
[Black "Peixoto_03"]
[Result "1-0"]
[WhiteElo "2474"]
[BlackElo "1209"]

1. e4 c5 2. f4 a6 3. Nc3 b5 4. a3 Bb7 5. d3 e6 6. Nf3 Nf6 7. e5 Nd5 8. Nxd5 Bxd5
9. Be3 Qc7 10. Be2 Bb7 11. O-O Be7 12. c4 O-O 13. Rc1 Nc6 14. cxb5 axb5 15. Bxc5
d5 16. d4 h6 17. Bxb5 Bxc5 18. Rxc5 Qb6 19. Qc2 Rac8 20. b4 Ne7 21. a4 Ba6 22.
Bxa6 Qxa6 23. Ra1 Rxc5 24. dxc5 Rc8 25. b5 Qa7 26. b6 Qb7 27. Nd4 Nc6 28. Nxc6
Rxc6 29. a5 Rc8 30. a6 Qb8 31. b7 Rc6 32. a7 1-0

[Event "AUTO-OPEN-2388"]
[Site "http://www.queenalice.com/game.php?id=949130"]
[Date "2011.6.13"]
[Round "1"]
[White "Peixoto_03"]
[Black "amarkin"]
[Result "0-1"]
[WhiteElo "1253"]
[BlackElo "2492"]

1. d4 Nf6 2. c4 g6 3. Nf3 d5 4. e3 Bg7 5. Nc3 O-O 6. b3 c5 7. Bb2 cxd4 8. Nxd4
e5 9. Nf3 e4 10. Nd4 Nc6 11. Nxc6 bxc6 12. Be2 Bf5 13. O-O dxc4 14. Bxc4 Ng4 15.
Rb1 Qh4 16. h3 Ne5 17. Be2 Rad8 18. Qc1 Bxh3 19. Nxe4 Bxg2 20. Ng3 Bxf1 21. Nxf1
Ng4 22. Bxg4 Qxg4+ 23. Kh2 Bxb2 24. Qxb2 Rd5 25. Ng3 Qf3 26. e4 Rd3 27. Qe2 Qxe2
28. Nxe2 Rd2 29. Ng3 Rxf2+ 30. Kh3 Rxa2 31. b4 Rb8 32. e5 a5 0-1

[Event "AUTO-OPEN-2388"]
[Site "http://www.queenalice.com/game.php?id=949155"]
[Date "2011.6.13"]
[Round "1"]
[White "Peixoto_03"]
[Black "flopp"]
[Result "1-0"]
[WhiteElo "1248"]
[BlackElo "1483"]

1. d4 d5 2. g3 c6 3. Bg2 Bf5 4. c3 Nd7 5. Nd2 Ngf6 6. Ngf3 Qc7 7. O-O e5 8. dxe5
Nxe5 9. Qb3 Bc5 10. Re1 O-O 11. Nxe5 Qxe5 12. Nf3 Qc7 13. Bf4 Qb6 14. Qxb6 Bxb6
15. Nd4 Bg6 16. Be5 Nd7 17. Bd6 Rfe8 18. b4 Rad8 19. a4 Bxd4 20. cxd4 Nf6 21.
Be5 Nd7 22. Bf4 h6 23. a5 a6 24. f3 Bc2 25. Rac1 Bb3 26. e4 dxe4 27. fxe4 Nf6
28. e5 Nd5 29. Bxd5 Rxd5 30. Be3 Rb5 31. Bd2 Rd5 32. Bc3 Ba4 33. Bb2 Bb5 34. Rc5
f6 35. Rxd5 cxd5 36. Kf2 Kf7 37. h4 fxe5 38. dxe5 Ke6 39. Bd4 Rc8 40. Bc5 Rd8
41. Ke3 Kxe5 42. Bd4+ Kf5 43. Bxg7 Rg8 44. Bxh6 Rxg3+ 45. Kf2 Rb3 46. Bd2 Rh3
47. Bg5 1-0

[Event "AUTO-OPEN-2388"]
[Site "http://www.queenalice.com/game.php?id=949156"]
[Date "2011.6.13"]
[Round "1"]
[White "flopp"]
[Black "Peixoto_03"]
[Result "1-0"]
[WhiteElo "1582"]
[BlackElo "1253"]

1. e4 c5 2. Nc3 a6 3. d3 b5 4. Bf4 Bb7 5. Be2 e6 6. a3 Nf6 7. Nf3 Be7 8. O-O d5
9. exd5 Nxd5 10. Nxd5 Bxd5 11. c4 Bc6 12. Ne5 Qb6 13. Bf3 Bxf3 14. Qxf3 Qa7 15.
Nxf7 Bf6 16. Nxh8 Nd7 17. Qh5+ g6 18. Nxg6 hxg6 19. Qxg6+ Kd8 20. Qg8+ Ke7 21.
Qg3 Kf7 22. Rfe1 Rg8 23. Qe3 Qa8 24. Qxe6+ Kf8 25. Bh6+ 1-0

[Event "AUTO-BEG-490"]
[Site "http://www.queenalice.com/game.php?id=949731"]
[Date "2011.6.14"]
[Round "1"]
[White "jepoy100"]
[Black "Peixoto_03"]
[Result "1-0"]
[WhiteElo "1836"]
[BlackElo "1253"]

1. e4 c5 2. Nf3 a6 3. c3 b5 4. Be2 Bb7 5. Qc2 e6 6. O-O Nf6 7. d3 Qc7 8. h3 Nc6
9. Bg5 Be7 10. Nbd2 O-O 11. Rac1 Rfe8 12. b3 h6 13. Bh4 Ne5 14. Bg3 Nxf3+ 15.
Nxf3 d5 16. Bxc7 1-0

[Event "AUTO-BEG-490"]
[Site "http://www.queenalice.com/game.php?id=949732"]
[Date "2011.6.14"]
[Round "1"]
[White "Peixoto_03"]
[Black "jepoy100"]
[Result "0-1"]
[WhiteElo "1279"]
[BlackElo "1993"]

1. d4 d5 2. g3 Nf6 3. Bg2 e6 4. Nd2 Nc6 5. Ngf3 Bd6 6. O-O O-O 7. Re1 a6 8. c4
dxc4 9. e4 e5 10. d5 Na5 11. Qa4 b6 12. Nxc4 Nxc4 13. Qxc4 Bg4 14. Be3 b5 15.
Qc2 Qd7 16. Rad1 Bh3 17. Bc5 Bxg2 18. Kxg2 Rac8 19. b4 Rfd8 20. Qc3 Re8 21. Qc2
h6 22. a3 Qe7 23. Nh4 g6 24. h3 Kg7 25. Nf3 Nd7 26. Nd2 Bxc5 27. bxc5 Nxc5 28.
Nb3 Nxb3 29. Qxb3 Red8 30. f4 exf4 31. gxf4 c6 32. Qc3+ Kg8 33. Qe3 cxd5 34.
exd5 Rc2+ 35. Kf3 Qh4 36. Rh1 Rdc8 37. Rd2 Qf6 38. Qe5 Qxe5 39. fxe5 R2c3+ 40.
Ke2 Rxa3 41. d6 Rac3 42. d7 Rd8 43. h4 Kf8 44. Ra1 Rc6 45. Rd6 Rxd6 46. exd6
Rxd7 47. Rxa6 Rb7 48. Kd3 Ke8 49. Kd4 Kd7 50. Ke5 b4 51. Ra2 b3 52. Rb2 g5 53.
hxg5 hxg5 0-1

[Event "AUTO-BEG-490"]
[Site "http://www.queenalice.com/game.php?id=949745"]
[Date "2011.6.14"]
[Round "1"]
[White "FFFABIO"]
[Black "Peixoto_03"]
[Result "1-0"]
[WhiteElo "1649"]
[BlackElo "1281"]

1. e3 d5 2. Nf3 Nf6 3. Be2 c5 4. O-O Nc6 5. c3 g6 6. d3 Bg7 7. a4 O-O 8. b4 b6
9. b5 Nb8 10. Bb2 Bb7 11. d4 c4 12. Nbd2 Re8 13. h3 Nbd7 14. Ra2 e5 15. Nh2 e4
16. Re1 Qc7 17. Ndf1 Nf8 18. Ba3 Ne6 19. Ng4 Nxg4 20. Bxg4 Bc8 21. Nh2 f5 22.
Be2 Rf8 23. Bxf8 Bxf8 24. Kh1 Bd6 25. g3 g5 26. Rg1 Kh8 27. f4 Bd7 28. h4 gxh4
29. gxh4 Bxf4 30. exf4 Nxf4 31. Bf1 e3 32. Be2 Nh3 33. Rg2 f4 34. Qf1 Rf8 35.
Bf3 Qd6 36. Ng4 Bf5 37. Ne5 Bd3 38. Nxd3 cxd3 39. Rh2 e2 40. Raxe2 dxe2 41. Rxe2
Qd7 42. Kh2 Rg8 43. Qxh3 Qxh3+ 44. Kxh3 Rg3+ 45. Kh2 Rxf3 46. Re8+ Kg7 47. Re7+
Kg8 48. Rxa7 Rxc3 49. Ra8+ Kg7 50. Ra7+ Kg8 51. Ra8+ Kg7 52. Ra7+ Kg6 53. Kg2
Rc4 54. Ra6 Rxd4 55. Rxb6+ Kh5 56. Rf6 Kxh4 57. Kf3 Rxa4 58. Rxf4+ 1-0

[Event "AUTO-BEG-490"]
[Site "http://www.queenalice.com/game.php?id=949746"]
[Date "2011.6.14"]
[Round "1"]
[White "Peixoto_03"]
[Black "FFFABIO"]
[Result "0-1"]
[WhiteElo "1280"]
[BlackElo "1651"]

1. d4 d5 2. g3 e6 3. Bg2 Be7 4. Nf3 h6 5. O-O Nc6 6. Nbd2 Nf6 7. c3 b6 8. Re1
Nd7 9. e4 O-O 10. exd5 exd5 11. Qb3 Nf6 12. Nf1 Na5 13. Qc2 c6 14. Ne5 Qd6 15.
Ne3 Nh7 16. Nf5 Bxf5 17. Qe2 Bf6 18. Bf4 Bxe5 19. Bxe5 Qd7 20. b3 Rae8 21. Qd2
f6 22. Bf4 Rxe1+ 23. Rxe1 Re8 24. Rxe8+ Qxe8 25. h3 Be4 26. Qe3 Qg6 27. Bf1 Ng5
28. Bxg5 hxg5 29. f3 Bf5 30. g4 Bd7 31. f4 gxf4 32. Qxf4 f5 33. Bd3 Qf7 34. gxf5
Qh5 35. Qb8+ Be8 36. Qxa7 Nxb3 37. axb3 Qxh3 38. Bf1 Qg3+ 39. Bg2 Bh5 40. Qa2
Qxc3 41. Qa4 b5 42. Qa8+ Kh7 43. Qb8 Qxd4+ 44. Kh2 Qh4+ 45. Kg1 Qd4+ 46. Kh2 Qd2
47. Qg3 Qc2 48. Qh4 Qxf5 49. Kh1 Kh6 50. Qe1 g6 51. Qc1+ Qg5 52. Qxc6 d4 53. Qe8
Qc1+ 54. Kh2 Qc2 55. Qh8+ Kg5 56. Qxd4 Qxb3 57. Qe5+ Kh6 58. Qh8+ Kg5 0-1

[Event "AUTO-BEG-490"]
[Site "http://www.queenalice.com/game.php?id=949753"]
[Date "2011.6.14"]
[Round "1"]
[White "lffac"]
[Black "Peixoto_03"]
[Result "0-1"]
[WhiteElo "1663"]
[BlackElo "1248"]

1. e4 c5 2. Nc3 a6 3. Nf3 b5 4. d3 Bb7 5. b3 e6 6. Bb2 Nf6 7. Be2 d6 8. h3 b4 9.
Nb1 Nc6 10. a3 a5 11. axb4 axb4 12. Rxa8 Qxa8 13. O-O Be7 14. Nbd2 d5 15. exd5
exd5 16. Ne5 Nxe5 17. Bxe5 O-O 18. Nf3 Re8 19. d4 Ne4 20. Nd2 Nc3 21. Qe1 Bf6
22. Nb1 Nxe2+ 23. Qxe2 cxd4 24. f4 Ba6 25. Qh5 Bxf1 26. Kxf1 Qa1 27. Qd1 Bxe5
28. fxe5 Rxe5 29. Kf2 g6 30. Qxd4 Qxd4+ 0-1

[Event "AUTO-BEG-490"]
[Site "http://www.queenalice.com/game.php?id=949754"]
[Date "2011.6.14"]
[Round "1"]
[White "Peixoto_03"]
[Black "lffac"]
[Result "0-1"]
[WhiteElo "1281"]
[BlackElo "1767"]

1. d4 d5 2. g3 b6 3. Bg2 Bb7 4. Nd2 e6 5. Ngf3 Nd7 6. O-O c5 7. c3 c4 8. Re1 Rb8
9. e4 dxe4 10. Nxe4 Ngf6 11. Bg5 Be7 12. Bxf6 Nxf6 13. Nxf6+ Bxf6 14. Qa4+ Qd7
15. Qxd7+ Kxd7 16. Rad1 Ke7 17. Ne5 Bxg2 18. Kxg2 Rbc8 19. d5 Bxe5 20. Rxe5 Rhd8
21. Ree1 Rd6 22. dxe6 Rxd1 23. Rxd1 Kxe6 24. f4 f6 25. Kf3 h6 26. g4 g5 27. Ke4
Rc5 28. f5+ Ke7 29. Rd5 Rc7 30. Kd4 a6 31. b3 b5 32. bxc4 Rxc4+ 33. Kd3 Rxg4 34.
Kc2 Rg2+ 35. Rd2 Rxd2+ 36. Kxd2 Kd6 37. Kd3 Kd5 38. a3 h5 39. Ke3 a5 40. h3 Ke5
41. Kd3 g4 42. hxg4 hxg4 43. a4 b4 44. cxb4 axb4 45. a5 Kd6 46. Kc4 g3 47. a6
Kc6 0-1

[Event "QA-ANNIV-07"]
[Site "http://www.queenalice.com/game.php?id=950752"]
[Date "2011.6.16"]
[Round "1"]
[White "Peixoto_03"]
[Black "chessprm"]
[Result "0-1"]
[WhiteElo "1248"]
[BlackElo "2313"]

1. d4 Nf6 2. g3 g6 3. Bg2 Bg7 4. Nd2 d5 5. e4 dxe4 6. Nxe4 Nxe4 7. Bxe4 f5 8.
Bg2 Bxd4 9. Nf3 Bf6 10. Qxd8+ Kxd8 11. O-O e5 12. Bg5 Ke7 13. Rfe1 Bxg5 14. Nxg5
Kf6 15. Nf3 Nc6 16. c3 Be6 17. b3 Rhd8 18. Rad1 a5 19. Nh4 e4 0-1